Abstract Book of the 4th World Conference on Management, Business, and Finance

Guardado en:
Detalles Bibliográficos
Autor Corporativo: World Conference on Management, Business, and Finance
Formato: Libro
Lenguaje:inglés
Publicado: London Proud Pen 2025
Edición:1st Edition
Materias:
Etiquetas: Agregar Etiqueta
Sin Etiquetas, Sea el primero en etiquetar este registro!

MARC

LEADER 00000nlm a2200000 4500
001 0314122
005 20260116124913.5
020 |a 978-1-914266-15-7 
041 0 |a eng 
044 |a GB 
245 1 0 |a Abstract Book of the 4th World Conference on Management, Business, and Finance 
250 |a 1st Edition 
264 1 |a London  |b Proud Pen  |c 2025 
300 |a [200 s.] 
610 2 0 |a manažment 
610 2 0 |a podnik 
610 2 0 |a podnikanie 
610 2 0 |a financie 
110 2 |a World Conference on Management, Business, and Finance